00477nmm a2200169Ia 4500008004100000020001800041041000800059100002300067245003700090264003900127300001800166490002500184650002300209856005100232942000700283999001700290251105s9999||||xx |||||||||||||||||und|| a9788446049913 aspa aGyörgy, Lukács 0aMarx, ontología del ser social a[Madrid, España] :bAkal, c2020 a224 páginas aBásica de Bolsillo aPhilosophy, Ethics uhttps://public.digitaliapublishing.com/a/70693 cCF c83235d83235